000
00434nam a2200145Ia 4500
008
100204s9999 xx 000 0 und d
082
_b
8089
100
_a
यादव राजेंद्र
245
_a
सारे आकाश
260
_b
"सुपर्ण प्रकाशन , पुणे"
_c
1985
300
_a
190
630
_a
सारे आकाश
730
_a
सारे आकाश
942
_c
BOOK
999
_c
452525
_d
452522